Hedging - vec neznáma? Investície takmer bez rizika

Nová forma eliminácie rizika pri podnikaní - hedging. Rôzne formy rizika pri podnikaní. Formy ochrany pred rizikom. Podnikateľské riziko v oblasti financií a ochrana pred týmto rizikom. Obchodovanie s cennými papiermi pomocou termínových obchodov v podobe opčných obchodov, forwardov alebo futures.

Guardado en:
Detalles Bibliográficos
Autor principal: Bučeková, Andrea
Formato: Capítulo de libro
Lenguaje:eslovaco
Materias:
Etiquetas: Agregar Etiqueta
Sin Etiquetas, Sea el primero en etiquetar este registro!

MARC

LEADER 00000naa a2200000 4500
001 r015398
005 20221213114104.6
041 0 |a slo 
044 |a SK 
245 1 0 |a Hedging - vec neznáma?  |b Investície takmer bez rizika  |c Andrea Bučeková 
520 |a Nová forma eliminácie rizika pri podnikaní - hedging. Rôzne formy rizika pri podnikaní. Formy ochrany pred rizikom. Podnikateľské riziko v oblasti financií a ochrana pred týmto rizikom. Obchodovanie s cennými papiermi pomocou termínových obchodov v podobe opčných obchodov, forwardov alebo futures. 
610 2 0 |a hedging 
610 2 0 |a investovanie 
610 2 0 |a riziko 
610 2 0 |a poistenie 
610 2 0 |a papiere cenné 
610 2 0 |a obchody opčné 
610 2 0 |a obchody termínové 
100 1 |a Bučeková, Andrea